000 00740nam a2200289Ia 4500
001 2897
003 IT-RoPAU
008 130308s9999 xx 000 0 und d
040 _aIT-RoPAU
040 _cIT-RoPAU
041 _aITALIANO
100 _aVerdone Mario
100 _gCodice Aut. SPICS: 86
245 _aProblemi estetici della musica per film
245 _bColonna Sonora
250 _a1a ed.
260 _aROMA
260 _bBianco E Nero
260 _c1967 [1° Ed.:1967 - Ed.Ling.Originale:1967]
300 _a"6 p. (prefazione: no ; testo: 6 [pagine: 104-109])"
650 _aTECNICA CINEMATOGRAFICA
650 _eCodice materia Spics: 6802
942 _cBK
957 _71
999 _c51528
_d51528
999 _bSI
999 _g1